[Event "South Island-ch"]
[Site "Hanmer Springs"]
[Date "2019.10.05"]
[Round "1"]
[White "Ha, Huy Minh"]
[Black "Capel, Evan Timothy"]
[Result "0-1"]
[WhiteElo "1624"]
[BlackElo "2183"]
[PlyCount "96"]
[EventDate "2019.10.05"]
[EventType "swiss"]
[EventRounds "9"]
[EventCountry "NZL"]
[SourceTitle "EXT 2023"]
[Source "ChessBase"]
[SourceDate "2022.10.05"]
[SourceVersion "1"]
[SourceVersionDate "2022.10.05"]
[SourceQuality "1"]

1. d4 Nf6 2. Nf3 c5 3. d5 d6 4. g3 g6 5. Bg2 Bg7 6. 0-0 0-0 7. Nc3 Na6 8. e4 Bg4 9. h3 Bxf3 10. Bxf3 Nc7 11. a4 a6 12. Qe2 Nd7 13. Bg2 Rb8 14. a5 b6 15. axb6 Rxb6 16. Nd1 Nb5 17. c3 Nc7 18. Ne3 Rb5 19. Rxa6 Nxa6 20. Qxb5 Nc7 21. Qe2 Qa8 22. f4 Qa2 23. Qc4 Qa7 24. Kh2 Rb8 25. Nd1 Nb6 26. Qe2 Qa2 27. Qg4 Ne8 28. f5 Nf6 29. Qf3 Nc4 30. Qd3 Ne5 31. Qc2 Qa1 32. fxg6 hxg6 33. Bf4 Nfd7 34. Bc1 Nf6 35. Bf4 Nfd7 36. Bc1 c4 37. Nf2 Qa2 38. Rd1 Nc5 39. Bf1 Bh6 40. Bxc4 Nxc4 41. Nd3 Bxc1 42. Nb4 Qxb2 43. Rxc1 Qxc2+ 44. Rxc2 Ne5 45. Re2 Ncd3 46. Na2 Rb1 47. g4 g5 48. Kg3 Rg1+ 0-1

[Event "Auckland Stuart Memorial op"]
[Site "Auckland"]
[Date "2019.08.24"]
[Round "2"]
[White "Capel, Evan Timothy"]
[Black "Gunn, Neil J"]
[Result "1-0"]
[WhiteElo "2172"]
[BlackElo "1969"]
[PlyCount "125"]
[EventDate "2019.08.24"]
[EventType "swiss"]
[EventRounds "5"]
[EventCountry "NZL"]
[SourceTitle "EXT 2023"]
[Source "ChessBase"]
[SourceDate "2022.10.05"]
[SourceVersion "1"]
[SourceVersionDate "2022.10.05"]
[SourceQuality "1"]

1. d4 d5 2. c4 e6 3. Nf3 Nf6 4. Nc3 Be7 5. Bg5 0-0 6. cxd5 exd5 7. e3 c6 8. Be2 Nbd7 9. 0-0 Re8 10. Rb1 a5 11. a3 Nf8 12. Qc2 Ne4 13. Nxe4 dxe4 14. Bxe7 Qxe7 15. Nd2 Bf5 16. Rfc1 Ng6 17. Qc5 Qxc5 18. Rxc5 Ne7 19. Nc4 Red8 20. Rxa5 Rxa5 21. Nxa5 b6 22. Nc4 Nd5 23. Ne5 c5 24. Rd1 Be6 25. dxc5 bxc5 26. Bc4 f6 27. Nc6 Rd6 28. Bxd5 Kf8 29. Bb3 Rxc6 30. Bxe6 Rxe6 31. Rc1 Rb6 32. Rxc5 Rxb2 33. g4 Ra2 34. Ra5 Kf7 35. Kg2 g5 36. Kg3 Kg6 37. Ra6 Kf7 38. h3 Kg6 39. a4 Kf7 40. a5 h6 41. Kg2 Kg7 42. Ra8 Kf7 43. a6 Kg7 44. Kf1 Kf7 45. a7 Kg7 46. Ke1 Kh7 47. Kd1 Kg7 48. Kc1 Kh7 49. Kb1 Ra3 50. Kb2 Ra4 51. Kb3 Ra1 52. Kc4 Kg7 53. Kd5 Ra4 54. Ke6 Ra5 55. Rd8 Rxa7 56. Rd7+ Rxd7 57. Kxd7 f5 58. Ke6 fxg4 59. hxg4 Kg6 60. Ke5 h5 61. gxh5+ Kxh5 62. Kxe4 Kg6 63. Ke5 1-0

[Event "Henderson Trusts op 42nd"]
[Site "Henderson"]
[Date "2019.06.02"]
[Round "3"]
[White "Gong, Daniel Hanwen"]
[Black "Capel, Evan Timothy"]
[Result "1/2-1/2"]
[WhiteElo "2267"]
[BlackElo "2151"]
[PlyCount "147"]
[EventDate "2019.06.01"]
[EventType "swiss"]
[EventRounds "6"]
[EventCountry "NZL"]
[SourceTitle "EXT 2020"]
[Source "ChessBase"]
[SourceDate "2019.10.17"]
[SourceVersion "1"]
[SourceVersionDate "2019.10.17"]
[SourceQuality "1"]

1. d4 Nf6 2. Bf4 c5 3. e3 Qb6 4. Nc3 cxd4 5. exd4 d6 6. a3 Bf5 7. Bb5+ Nbd7 8. Nf3 e6 9. 0-0 Be7 10. Nh4 Bg6 11. d5 e5 12. Be3 Qd8 13. Nxg6 hxg6 14. Be2 0-0 15. b4 Nb6 16. Bxb6 Qxb6 17. Na4 Qc7 18. c4 Nd7 19. Rc1 a5 20. Nc3 axb4 21. axb4 Qb6 22. Qb3 Nc5 23. Qb1 Nd7 24. Qb3 Nc5 25. Qb1 Nd7 26. Qb2 Rfc8 27. Nb5 Ra4 28. Ra1 Ra6 29. Nc3 Rxa1 30. Rxa1 Qd4 31. Rd1 Qa7 32. Nb5 Qb6 33. Qa3 Bh4 34. g3 Be7 35. Ra1 f5 36. Qb3 Kh7 37. Ra7 Rf8 38. Qe3 Qxe3 39. fxe3 Rb8 40. Kf2 Kg8 41. Nc7 Kf7 42. Bd1 Nb6 43. Bb3 Kf6 44. Ne6 Nd7 45. h4 Nf8 46. Ng5 e4 47. Ba4 Ke5 48. Bc6 Bxg5 49. hxg5 Ne6 50. Bxb7 Nxg5 51. b5 Rh8 52. Bc6 Rh2+ 53. Ke1 Nf3+ 54. Kd1 Rb2 55. Rxg7 g5 56. Kc1 Rb4 57. Re7+ Kf6 58. Re6+ Kf7 59. Be8+ Kg7 60. Bg6 Rxc4+ 61. Kd1 Rc5 62. Rxd6 Rxb5 63. Bxf5 Rb3 64. Rg6+ Kf7 65. Bxe4 Rxe3 66. Re6 Ra3 67. Rb6 Ne5 68. Re6 Nc4 69. Rc6 Ne5 70. Re6 Nc4 71. Bg6+ Kg7 72. g4 Ne3+ 73. Kd2 Nxd5 74. Bf5 1/2-1/2

[Event "Henderson Trusts op 42nd"]
[Site "Henderson"]
[Date "2019.06.01"]
[Round "1"]
[White "Metge, J Nigel"]
[Black "Capel, Evan Timothy"]
[Result "0-1"]
[WhiteElo "1972"]
[BlackElo "2151"]
[PlyCount "94"]
[EventDate "2019.06.01"]
[EventType "swiss"]
[EventRounds "6"]
[EventCountry "NZL"]
[SourceTitle "EXT 2020"]
[Source "ChessBase"]
[SourceDate "2019.10.17"]
[SourceVersion "1"]
[SourceVersionDate "2019.10.17"]
[SourceQuality "1"]

1. d4 Nf6 2. c4 c5 3. d5 b5 4. cxb5 a6 5. Nc3 axb5 6. Nxb5 Ba6 7. Nc3 d6 8. g3 Nbd7 9. Nf3 Nb6 10. Bg2 Bb7 11. Nh4 g6 12. 0-0 Bg7 13. e4 0-0 14. Re1 Ne8 15. Bf4 Nc4 16. Qc1 Qa5 17. Bd2 Nc7 18. Bf1 Nxd2 19. Qxd2 Ba6 20. Nf3 Bxf1 21. Kxf1 Rfb8 22. e5 Nb5 23. Ne4 Qxd2 24. Nexd2 Nc7 25. Nc4 dxe5 26. Nfxe5 Nxd5 27. Nc6 Rb7 28. a4 Ra6 29. N6e5 Rb4 30. a5 f6 31. Nb6 Raxb6 32. axb6 fxe5 33. Rec1 Rxb6 34. Rxc5 Nb4 35. Ra7 Bf6 36. Ke2 e4 37. Rc4 Nc6 38. Ra8+ Kf7 39. Rxe4 Rxb2+ 40. Kf3 Ne5+ 41. Ke3 h5 42. h3 Kg7 43. f4 Nf7 44. Ra3 Nd6 45. Rea4 Nf5+ 46. Kf3 Nd4+ 47. Ke4 Nb5 0-1

[Event "Auckland Trusts op 41st"]
[Site "Auckland"]
[Date "2018.06.02"]
[Round "2"]
[White "Bennett, Hilton Petrie"]
[Black "Capel, Evan Timothy"]
[Result "0-1"]
[WhiteElo "2117"]
[BlackElo "2317"]
[PlyCount "66"]
[EventDate "2018.06.02"]
[EventType "swiss"]
[EventRounds "6"]
[EventCountry "NZL"]
[SourceTitle "EXT 2019"]
[Source "ChessBase"]
[SourceDate "2018.10.10"]
[SourceVersion "1"]
[SourceVersionDate "2018.10.10"]
[SourceQuality "1"]

1. e4 d5 2. exd5 Qxd5 3. Nc3 Qd6 4. d4 Nf6 5. g3 Bg4 6. Nf3 Nc6 7. Nb5 Qd7 8. c3 0-0-0 9. Bg2 a6 10. Na3 e5 11. Qa4 exd4 12. 0-0 dxc3 13. bxc3 Ne5 14. Qf4 Nxf3+ 15. Bxf3 Bxf3 16. Qxf3 Qd3 17. Qg2 Bc5 18. Rb1 Qd5 19. Qh3+ Kb8 20. Rb3 Qe6 21. Qg2 Qe4 22. Nc4 Rd5 23. Ne3 Qxg2+ 24. Kxg2 Rd3 25. Nc4 Re8 26. Bf4 Nd5 27. Ne5 Nxf4+ 28. gxf4 Rd2 29. a4 f6 30. Nc4 Ra2 31. Na5 b6 32. Nc6+ Kb7 33. Na5+ Kc8 0-1

[Event "Auckland North Shore op 42nd"]
[Site "Auckland"]
[Date "2015.09.19"]
[Round "1"]
[White "Fan, Allen Chi Zhou"]
[Black "Capel, Evan Timothy"]
[Result "0-1"]
[WhiteElo "1771"]
[BlackElo "2093"]
[PlyCount "132"]
[EventDate "2015.09.19"]
[EventType "swiss"]
[EventRounds "5"]
[EventCountry "NZL"]
[SourceTitle "EXT 2016"]
[Source "ChessBase"]
[SourceDate "2015.10.08"]
[SourceVersion "1"]
[SourceVersionDate "2015.10.08"]
[SourceQuality "1"]

1. Nf3 Nf6 2. c4 c5 3. g3 Nc6 4. d4 cxd4 5. Nxd4 Qb6 6. e3 Nxd4 7. exd4 Qc6 8. d5 Qc7 9. Bf4 d6 10. Nc3 g6 11. Nb5 Qa5+ 12. Bd2 Qd8 13. Bg2 Bg7 14. Bc3 Bg4 15. Qa4 0-0 16. 0-0 Qd7 17. Qb3 Bh3 18. Rfe1 Bxg2 19. Kxg2 Rfe8 20. a4 h5 21. h4 a6 22. Nd4 Rac8 23. Re2 Qc7 24. Nf3 Qxc4 25. Qxc4 Rxc4 26. Nd2 Rc7 27. Rd1 Nxd5 28. Bxg7 Kxg7 29. Ne4 Nf6 30. Nxf6 Kxf6 31. Rxd6+ exd6 32. Rxe8 Rc2 33. Re3 Rxb2 34. Rd3 Ke6 35. Re3+ Kd7 36. Rf3 f5 37. Rc3 Rb4 38. Ra3 d5 39. Kf3 Kd6 40. Ke3 Kc5 41. Kd3 Kb6 42. a5+ Kb5 43. Kc3 Rc4+ 44. Kb3 d4 45. Kb2 Rc3 46. Ra2 Kc4 47. Ra4+ Kc5 48. Ra2 Kb4 49. Ra1 Rf3 50. Kc2 Rxf2+ 51. Kd3 Kc5 52. Rc1+ Kd5 53. Rc7 Rf3+ 54. Kd2 Rxg3 55. Rxb7 Ra3 56. Rb6 Rxa5 57. Rxg6 Ra2+ 58. Kd3 Ra3+ 59. Kd2 Ke4 60. Rh6 Ra2+ 61. Kc1 f4 62. Rxh5 f3 63. Rh8 f2 64. Re8+ Kd3 65. Rf8 f1R+ 66. Rxf1 Ra1+ 0-1

[Event "Penang op 6th"]
[Site "Penang"]
[Date "2014.12.11"]
[Round "6"]
[White "Capel, Evan Timothy"]
[Black "Chuah, Hao Feng"]
[Result "1-0"]
[WhiteElo "2095"]
[BlackElo "1735"]
[PlyCount "53"]
[EventDate "2014.12.08"]
[EventType "swiss"]
[EventRounds "9"]
[EventCountry "MAS"]
[SourceTitle "CBM 163 Extra"]
[Source "ChessBase"]
[SourceDate "2014.12.23"]
[SourceVersion "1"]
[SourceVersionDate "2014.12.23"]
[SourceQuality "1"]

1. d4 d5 2. Nf3 Nf6 3. g3 e6 4. Bg2 Be7 5. 0-0 0-0 6. c4 dxc4 7. Na3 c5 8. Nxc4 Nc6 9. dxc5 Bxc5 10. Bf4 Nd5 11. Bg5 f6 12. Bd2 Qe7 13. a3 b5 14. Na5 Nxa5 15. Bxa5 Bb7 16. Nd4 a6 17. Rc1 Rae8 18. Nf5 exf5 19. Bxd5+ Bxd5 20. Qxd5+ Kh8 21. Qxc5 Qxe2 22. Qxf5 Qxb2 23. Bb4 Rg8 24. Rc7 Qb3 25. Ra7 Re5 26. Qd7 f5 27. Bf8 1-0

[Event "Kuala Lumpur op 7th"]
[Site "Kuala Lumpur"]
[Date "2010.09.06"]
[Round "8"]
[White "Capel, Evan Timothy"]
[Black "Yee, Soon Wei"]
[Result "1/2-1/2"]
[WhiteElo "2030"]
[BlackElo "2303"]
[PlyCount "61"]
[EventDate "2010.09.01"]
[EventType "swiss"]
[EventRounds "9"]
[EventCountry "MAS"]
[SourceTitle "CBM 138 Extra"]
[Source "ChessBase"]
[SourceDate "2010.10.29"]
[SourceVersion "1"]
[SourceVersionDate "2010.10.29"]
[SourceQuality "1"]

1. Nf3 d5 2. c4 c6 3. b3 Nf6 4. g3 Bf5 5. Bg2 e6 6. 0-0 Be7 7. d4 0-0 8. Bb2 Nbd7 9. Nbd2 Ne4 10. Rc1 a5 11. Nxe4 Bxe4 12. Nd2 Bxg2 13. Kxg2 f5 14. e3 a4 15. f3 axb3 16. axb3 Ra2 17. Bc3 Bg5 18. f4 Be7 19. Ra1 Qa8 20. Qb1 Rxa1 21. Qxa1 b5 22. c5 Qb7 23. b4 Nf6 24. Qb2 Ng4 25. Re1 Ra8 26. h3 Nf6 27. Ra1 Ra6 28. Kf3 Ne4 29. Nxe4 dxe4+ 30. Kf2 Bf6 31. Ra5 1/2-1/2

[Event "Kuala Lumpur op 4th"]
[Site "Kuala Lumpur"]
[Date "2007.08.22"]
[Round "5"]
[White "Capel, Evan Timothy"]
[Black "Sahari, Abang Mohd Reduan"]
[Result "0-1"]
[WhiteElo "1871"]
[BlackElo "2136"]
[PlyCount "68"]
[EventDate "2007.08.20"]
[EventType "swiss"]
[EventRounds "11"]
[EventCountry "MAS"]
[SourceTitle "CBM 120 Extra"]
[Source "ChessBase"]
[SourceDate "2007.11.01"]
[SourceVersion "1"]
[SourceVersionDate "2007.11.01"]
[SourceQuality "1"]

1. d4 Nf6 2. c4 c5 3. d5 b5 4. cxb5 a6 5. bxa6 Bxa6 6. Nc3 d6 7. e4 Bxf1 8. Kxf1 g6 9. g3 Bg7 10. Kg2 0-0 11. Nf3 Ng4 12. Re1 Nd7 13. Bf4 Qa5 14. Qc2 Rfb8 15. h3 Nge5 16. Nxe5 Nxe5 17. Bxe5 Bxe5 18. f4 Rxb2 19. Qxb2 Bxc3 20. Qe2 Bxe1 21. Rxe1 Qxa2 22. Qxa2 Rxa2+ 23. Kf3 Ra3+ 24. Kg4 Kg7 25. Kh4 h6 26. Kg4 Rd3 27. Ra1 h5+ 28. Kh4 f6 29. g4 Rf3 30. Re1 Rxf4 31. Kg3 g5 32. gxh5 Kh6 33. Re2 Kxh5 34. Re1 Kg6 0-1

[Event "Kuala Lumpur op 4th"]
[Site "Kuala Lumpur"]
[Date "2007.08.21"]
[Round "3"]
[White "Capel, Evan Timothy"]
[Black "Nanjo, Ryosuke"]
[Result "1-0"]
[WhiteElo "1871"]
[BlackElo "2165"]
[PlyCount "91"]
[EventDate "2007.08.20"]
[EventType "swiss"]
[EventRounds "11"]
[EventCountry "MAS"]
[SourceTitle "CBM 120 Extra"]
[Source "ChessBase"]
[SourceDate "2007.11.01"]
[SourceVersion "1"]
[SourceVersionDate "2007.11.01"]
[SourceQuality "1"]

1. d4 d6 2. c4 e5 3. dxe5 dxe5 4. Qxd8+ Kxd8 5. Nc3 Be6 6. b3 c6 7. Nf3 f6 8. Bb2 Nd7 9. 0-0-0 Kc7 10. e3 Nh6 11. h3 Nf7 12. Bd3 a5 13. Nh4 Nd6 14. Ne4 a4 15. Nxd6 Bxd6 16. Bf5 Bxf5 17. Nxf5 Bf8 18. Kc2 g6 19. Ng3 Be7 20. Rd2 Bb4 21. Rdd1 Rhe8 22. Ra1 Nc5 23. Bc3 Bxc3 24. Kxc3 axb3 25. axb3 f5 26. b4 Na4+ 27. Kb3 b5 28. c5 Rad8 29. Rad1 e4 30. Ne2 Rd3+ 31. Rxd3 exd3 32. Nf4 Re4 33. Rd1 g5 34. Nxd3 f4 35. exf4 gxf4 36. Rd2 Rd4 37. Rd1 Re4 38. Rd2 Rd4 39. f3 Kb7 40. Rd1 Kc7 41. Nb2 Rxd1 42. Nxd1 Kd7 43. Nf2 Ke6 44. Nd3 Kf5 45. h4 h6 46. Kc2 1-0